<?xml version="1.0" encoding="UTF-8"?>
<record
    xmlns:xsi="http://www.w3.org/2001/XMLSchema-instance"
    xsi:schemaLocation="http://www.loc.gov/MARC21/slim http://www.loc.gov/standards/marcxml/schema/MARC21slim.xsd"
    xmlns="http://www.loc.gov/MARC21/slim">

  <leader>02493nam a2200289Ia 4500</leader>
  <controlfield tag="003">OSt</controlfield>
  <controlfield tag="005">20200909171942.0</controlfield>
  <controlfield tag="008">191128s2008    ck     fr     000 0 spa d</controlfield>
  <datafield tag="020" ind1=" " ind2=" ">
    <subfield code="a">9789587103120</subfield>
  </datafield>
  <datafield tag="040" ind1=" " ind2=" ">
    <subfield code="a">CO-JMCR</subfield>
    <subfield code="c">CO-JMCR</subfield>
  </datafield>
  <datafield tag="041" ind1="0" ind2=" ">
    <subfield code="a">spa</subfield>
  </datafield>
  <datafield tag="082" ind1="0" ind2="4">
    <subfield code="a">364.132 / </subfield>
    <subfield code="b">G652d </subfield>
  </datafield>
  <datafield tag="100" ind1="1" ind2=" ">
    <subfield code="a">G&#xF3;mez M&#xE9;ndez, Alfonso, </subfield>
    <subfield code="e">autor</subfield>
    <subfield code="9">515</subfield>
  </datafield>
  <datafield tag="245" ind1="1" ind2="0">
    <subfield code="a">Delitos contra la administraci&#xF3;n p&#xFA;blica / </subfield>
    <subfield code="c">Alfonso G&#xF3;mez M&#xE9;ndez y Carlos Arturo G&#xF3;mez Pavajeau</subfield>
  </datafield>
  <datafield tag="250" ind1=" " ind2=" ">
    <subfield code="a">Tercera edici&#xF3;n</subfield>
  </datafield>
  <datafield tag="260" ind1=" " ind2=" ">
    <subfield code="a">Bogot&#xE1; : </subfield>
    <subfield code="b">Universidad Externado de Colombia, </subfield>
    <subfield code="c">2008</subfield>
  </datafield>
  <datafield tag="300" ind1=" " ind2=" ">
    <subfield code="a">620 p&#xE1;ginas ;  </subfield>
    <subfield code="c">24 cm.</subfield>
  </datafield>
  <datafield tag="500" ind1=" " ind2=" ">
    <subfield code="a">Incluye notas a pie de p&#xE1;gina.</subfield>
  </datafield>
  <datafield tag="504" ind1=" " ind2=" ">
    <subfield code="a">Bibliograf&#xED;a: p&#xE1;ginas 611-620</subfield>
  </datafield>
  <datafield tag="505" ind1="0" ind2=" ">
    <subfield code="a">El bien jur&#xED;dico -- Administraci&#xF3;n p&#xFA;blica -- El sujeto activo calificado -- Los sujetos del ataque al bien jur&#xED;dico administraci&#xF3;n p&#xFA;blica -- La comisi&#xF3;n por omisi&#xF3;n en los delitos contra la administraci&#xF3;n p&#xFA;blica -- Prohibici&#xF3;n de doble imputaci&#xF3;n respecto de la calidad de servidor p&#xFA;blico -- Prejudicialidad -- Peculado -- Concusi&#xF3;n -- Cohecho -- Diferencias entre concusi&#xF3;n y cohecho -- Celebraci&#xF3;n indebida de contratos -- Tr&#xE1;fico de influencias -- Enriquecimiento il&#xED;cito -- Prevaricato -- Abusos de autoridad -- Usurpaci&#xF3;n y abuso de funciones p&#xFA;blicas -- Delitos contra los servidores p&#xFA;blicos -- De la utilizaci&#xF3;n indebida de informaci&#xF3;n y de influencias derivadas del ejercicio de funci&#xF3;n p&#xFA;blica </subfield>
  </datafield>
  <datafield tag="520" ind1="3" ind2=" ">
    <subfield code="a">Los delitos contra la administraci&#xF3;n p&#xFA;blica tienen hoy un papel significativo y determinante en el prestigio o desprestigio de la administraci&#xF3;n de justicia. Tal vez igual, incluso mayor, piensan algunos, que aquel asignado a los delitos violentos, pues no puede olvidarse la contundente ense&#xF1;anza acerca de que una deficiente administraci&#xF3;n oficial genera y multiplica la violencia, en la medida en que ciertos administradores pretenden retomar la justicia por su cuenta, espiral que va ascendiendo cuando adem&#xE1;s para librarse de imputaciones algunos laceran moral y f&#xED;sicamente a los jueces y autoridades sirviendo la corrupci&#xF3;n como pretexto para la reacci&#xF3;n, a modo de tropel&#xED;as en b&#xFA;squeda de reivindicar el "estado de naturaleza" de todos los terrorismos de izquierda y de derecha.</subfield>
  </datafield>
  <datafield tag="650" ind1="1" ind2="4">
    <subfield code="a">Delitos contra la administraci&#xF3;n p&#xFA;blica </subfield>
    <subfield code="9">516</subfield>
  </datafield>
  <datafield tag="650" ind1="1" ind2="4">
    <subfield code="a">Derecho disciplinario</subfield>
    <subfield code="9">517</subfield>
  </datafield>
  <datafield tag="650" ind1="1" ind2="4">
    <subfield code="a">Corrupci&#xF3;n pol&#xED;tica</subfield>
    <subfield code="z">Colombia</subfield>
    <subfield code="9">518</subfield>
  </datafield>
  <datafield tag="700" ind1="1" ind2=" ">
    <subfield code="a">G&#xF3;mez Pavajeau, Carlos Arturo, </subfield>
    <subfield code="e">autor</subfield>
    <subfield code="9">519</subfield>
  </datafield>
  <datafield tag="942" ind1=" " ind2=" ">
    <subfield code="2">ddc</subfield>
    <subfield code="c">BK</subfield>
  </datafield>
  <datafield tag="999" ind1=" " ind2=" ">
    <subfield code="c">6369</subfield>
    <subfield code="d">6369</subfield>
  </datafield>
  <datafield tag="952" ind1=" " ind2=" ">
    <subfield code="0">0</subfield>
    <subfield code="1">0</subfield>
    <subfield code="2">ddc</subfield>
    <subfield code="4">0</subfield>
    <subfield code="7">0</subfield>
    <subfield code="8">NFIC</subfield>
    <subfield code="a">CPL</subfield>
    <subfield code="b">CPL</subfield>
    <subfield code="d">2018-04-15</subfield>
    <subfield code="e">Donaci&#xF3;n</subfield>
    <subfield code="g">0.00</subfield>
    <subfield code="l">4</subfield>
    <subfield code="m">4</subfield>
    <subfield code="o">364.132 / G652d </subfield>
    <subfield code="p">430013215</subfield>
    <subfield code="r">2024-05-16 00:00:00</subfield>
    <subfield code="s">2023-07-12</subfield>
    <subfield code="t"> Ej.1</subfield>
    <subfield code="y">BK</subfield>
  </datafield>
  <datafield tag="952" ind1=" " ind2=" ">
    <subfield code="0">0</subfield>
    <subfield code="1">0</subfield>
    <subfield code="2">ddc</subfield>
    <subfield code="4">0</subfield>
    <subfield code="7">0</subfield>
    <subfield code="8">NFIC</subfield>
    <subfield code="a">CPL</subfield>
    <subfield code="b">CPL</subfield>
    <subfield code="d">2020-01-16</subfield>
    <subfield code="e">Donaci&#xF3;n</subfield>
    <subfield code="l">3</subfield>
    <subfield code="m">2</subfield>
    <subfield code="o">364.132 / G652d</subfield>
    <subfield code="p">430011258</subfield>
    <subfield code="r">2024-05-16 00:00:00</subfield>
    <subfield code="s">2020-02-11</subfield>
    <subfield code="t">Ej.2</subfield>
    <subfield code="y">BK</subfield>
  </datafield>
</record>
